000 01117cam a2200265 a 4500
003 EG-GiCUC
005 20250223032532.0
008 200316s2018 ua dh f m 000 0 eng d
040 _aEG-GiCUC
_beng
_cEG-GiCUC
041 0 _aeng
049 _aGift
097 _aM.Sc
099 _aCai01.34.M.Sc.2018.Me.I
100 0 _aMenna t Allah Ayman Ibrahim Seif Eldin
245 1 0 _aImpact of tight junction claudin-1 and miR-155-5p on colorectal cancer progression via manipulation of AKT/mT TOR signaling pathway /
_cMenna t Allah Ayman Ibrahim Seif Eldin ; Supervised Hend Mohamed Eltayebi , Hassan Adwan
260 _aCairo :
_bMenna t Allah Ayman Ibrahim Seif Eldin ,
_c2018
300 _a88 Leaves :
_bcharts , facsimiles ;
_c30cm
502 _aThesis (M.Sc.) - German University - Faculty of Postgraduate Studies and Scientific Research - Department of Pharmacology and Toxicology
700 0 _aHassan Adwan ,
_eSupervisor
700 0 _aHend Mohamed Eltayebi ,
_eSupervisor
856 _uhttp://172.23.153.220/th.pdf
905 _aNazla
_eRevisor
905 _aShimaa
_eCataloger
942 _2ddc
_cTH
999 _c76934
_d76934